000 00443nam a22001817a 4500
005 20180718155011.0
008 160527b xxu||||| |||| 00| 0 eng d
020 _a81-203-0960-X
041 _aeng
082 _b5362
_a658.1599
100 _aShapiro, Alan, C
_91224
245 _aMultinational Finance Mgt.
250 _a4th ed.
260 _aNew Delhi
_bAcademic Faundation
300 _a683p,
650 _aManagement
_9241
942 _cBK
999 _c1896
_d1895